| 000 | 01728cam a2200349 a 4500 | ||
|---|---|---|---|
| 001 | 15228329 | ||
| 003 | OSt | ||
| 005 | 20130407020002.0 | ||
| 008 | 080321s2008 nyua 001 0 eng | ||
| 010 | _a 2008012416 | ||
| 020 | _a9780199231638 | ||
| 040 |
_aDLC _cDLC _dDLC |
||
| 050 | 0 | 0 |
_aKD7869 _b.C76 2008 |
| 082 | 0 | 0 |
_a345.42 _222 |
| 100 | 1 |
_aCard, Richard. _912 |
|
| 245 | 1 | 0 |
_aCross and Jones criminal law / _cRichard Card. _ |
| 246 | 3 | 0 | _aCriminal law |
| 246 | 1 | 4 | _aCard, Cross & Jones Criminal law |
| 250 | _a18th ed. _ | ||
| 260 |
_aNew York : _bOxford University Press, _c2008. |
||
| 300 |
_alxx, 850 p. : _bill. ; _c25 cm. |
||
| 500 | _aIncludes index. | ||
| 500 |
_a19th ed.- cataloged as a serial in LC. _5DLC |
||
| 505 | 0 | _aCriminal liability 1 : actus reus -- Criminal liability 2 : mens rea -- Proof -- Mistake and related matters -- Strict liability -- Non-fatal offences against the person -- Homicide and related offences -- Sexual offences -- Theft and related offences -- Other offences under the Theft Act 1968 -- Fraud and related offences -- Offences of damage to property -- Inchoate offences -- Mental condition defences -- Other general defences -- Participation -- Vicarious liability and corporate liability. | |
| 650 | 0 |
_aCriminal law _zEngland. _913 |
|
| 700 | 1 |
_aCross, Rupert, _cSir, _d1912-1980. _914 |
|
| 700 | 1 |
_aJones, Philip Asterley. _915 |
|
| 856 | 4 | 1 |
_3Table of contents only _uhttp://www.loc.gov/catdir/toc/ecip0814/2008012416.html |
| 906 |
_a7 _bcbc _corignew _d1 _eecip _f20 _gy-gencatlg |
||
| 942 |
_2ddc _cBK _01 |
||
| 999 |
_c6 _d6 |
||